|
|
|
|
| LEADER |
00000cam a2200000 7i4500 |
| 001 |
0000003676 |
| 005 |
20080131.0 |
| 020 |
0 |
0 |
|a 9833083269
|
| 090 |
0 |
0 |
|a 297.576
|b HAL
|
| 245 |
1 |
0 |
|a Halal haram :
|b an important book of muslim consumers
|
| 260 |
0 |
0 |
|a Pulau Pinang :
|b Consumers Association of Penang, ,
|c 2006
|
| 300 |
|
|
|a 200p. :
|b ill. ;
|c 22cm.
|
| 500 |
0 |
0 |
|a Also published in Malay
|
| 650 |
0 |
0 |
|a Food
|x Religious aspects
|x Islam
|
| 650 |
0 |
0 |
|a Muslims
|x Dietary laws
|
| 650 |
0 |
0 |
|a Religious life
|x Islam
|
| 710 |
2 |
1 |
|a Persatuan Pengguna Pulau Pinang
|
| 999 |
|
|
|a 0000007136
|b Monograph
|c Open Shelf
|e Default branch
|